Vyhláška č. 247/2008 Z.z.
Vyhláška MZ SR z 25. júna 2008, ktorou sa upravujú postupy, spôsoby a ďalšie podrobné pravidlá pre duálne zobrazovanie a pre prepočty, zaokrúhľovanie a vykazovanie peňažných údajov pri prechode na menu euro pre oblasť zdravotníctva.
Salvato in:
| Natura: | Capitolo di libro |
|---|---|
| Lingua: | slovacco |
| Soggetti: | |
| Tags: |
Nessun Tag, puoi essere il primo ad aggiungerne!!
|
MARC
| LEADER | 00000naa$a2200000$$$4500 | ||
|---|---|---|---|
| 001 | 0080622 | ||
| 005 | 20231114100052.4 | ||
| 041 | 0 | |a slo | |
| 044 | |a SK | ||
| 245 | 1 | 0 | |a Vyhláška č. 247/2008 Z.z. |
| 520 | |a Vyhláška MZ SR z 25. júna 2008, ktorou sa upravujú postupy, spôsoby a ďalšie podrobné pravidlá pre duálne zobrazovanie a pre prepočty, zaokrúhľovanie a vykazovanie peňažných údajov pri prechode na menu euro pre oblasť zdravotníctva. | ||
| 610 | 2 | 0 | |a euromena |
| 610 | 2 | 0 | |a zdravotníctvo |
| 610 | 2 | 0 | |a vyhlášky |
| 610 | 2 | 0 | |a Slovensko |
| 610 | 2 | 0 | |a 2008 |